000 01634cam a2200421 i 4500
001 68885
003 Mx-PuUPA
005 20260323134104.0
008 250822s2014 mx a|||dr|||| 00| j spa d
020 _a9786072412996
020 _a9789687791760
_qde la colección El Barco de Vapor
040 _aMx-PuUPA
_bspa
_cMx-PuUPA
_dMx-PuUPA
_erda
041 0 _aspa
245 0 0 _aCuentos del derecho ... y del revés :
_bhistorias sobre los derechos de los niños /
_cGabriela Aguileta, M. B. Brozon, Juan Pablo Gázquez, Javier Malpica, Toño Malpica, Juan Carlos Quezadas y Ana Romero ; ilustraciones de Carlos Vélez
250 _aPrimera edición
264 1 _aCiudad de México :
_bSM de Ediciones,
_c2014
300 _a122 páginas :
_bilustraciones (en blanco y negro) ;
_c19 cm
336 _2rdacontent
_atexto
_btxt
337 _2rdamedia
_asin medio
_bn
338 _2rdacarrier
_avolumen
_bnc
490 1 _aEl barco de vapor. Roja ;
_v63 M
521 1 _a12+
650 7 _2armarc
_aCuentos mexicanos
_vAntologías
650 7 _2armarc
_aDerecho del niño
_xLiteratura infantil
700 1 _aAguileta, Gabriela,
_eautor
_913427
700 1 _aBrozon, M. B.,
_eautor
700 1 _aGázquez, Juan Pablo,
_eautor
700 1 _aMalpica, Javier,
_eautor
700 1 _aMalpica, Toño,
_eautor
700 1 _aQuezadas, Juan Carlos,
_eautor
700 1 _aRomero, Ana,
_eautor
700 1 _aVélez, Carlos,
_eilustrador
830 0 _aBarco de vapor
_pRoja
_v63 M
_912924
942 _2ddc
_cLI
_h863
_iB2663
999 _c68885
_d68885